000 00371nam a2200145Ia 4500
008 230917s9999||||xx |||||||||||||| ||und||
040 _e158699
_aMAIN
041 _aEnglish
082 _a642.5 A26T
100 _aAndrews, Sudhir
245 0 _aTextbook of food and bevarage management
260 _aNew Delhi
_bTata McGraw-Hill
_c2008
300 _a588 p.
942 _cBK
999 _c153071
_d153071